000 00465nam a2200157 i 4500
001 30088
003 ES-MaACL
005 20230906154133.0
007 t|
008 030123s1933 sp ||||1| spa d
100 1 _aBarrio de Medina, José.
_926003
245 1 0 _aComo puede y debe hacerse la lucha antivenerea en nuestro ejército /
_cpor José Barrio de Medina.
260 _aValencia :
_b[s.n.,
_c1933]
300 _a7 h. ;
_c24 cm.
852 _aES-MaACL
_j1783-F-1
999 _c30088
_d30088